[Event "Rheinland Pfalz op 11th"]
[Site "Weilerbach"]
[Date "2019.06.22"]
[Round "5"]
[White "Spadea, Fabrizio"]
[Black "Ohler, Julius"]
[Result "0-1"]
[WhiteElo "1596"]
[BlackElo "1837"]
[PlyCount "98"]
[EventDate "2019.06.20"]
[EventType "swiss"]
[EventRounds "7"]
[EventCountry "GER"]
[SourceTitle "CBM 191 Extra"]
[Source "ChessBase"]
[SourceDate "2019.09.30"]
[SourceVersion "1"]
[SourceVersionDate "2019.09.30"]
[SourceQuality "1"]

1. c4 c5 2. g3 g6 3. Bg2 Bg7 4. Nc3 Nc6 5. e3 a6 6. Nge2 e5 7. 0-0 Nge7 8. d4 exd4 9. exd4 Nxd4 10. Nxd4 cxd4 11. Ne4 0-0 12. Nd6 Qb6 13. Nxc8 Raxc8 14. b3 Rfd8 15. Bf4 d5 16. Re1 Rd7 17. Be5 dxc4 18. bxc4 Bxe5 19. Rxe5 Rxc4 20. Rb1 Rb4 21. Rc1 Qd6 22. Qe1 d3 23. Rd1 Rb2 24. Qc3 Rc2 25. Qe1 d2 26. Qe4 Rc1 27. Bf3 Rxd1+ 28. Bxd1 Nc6 29. Re8+ Kg7 30. Qe3 Qd5 31. Qc3+ Qd4 32. Qa3 Qb4 33. Qe3 Qb1 34. Qf3 Qxa2 35. Qc3+ Rd4 36. Qc5 Qa1 37. Qf8+ Kf6 38. Qh8+ Kf5 39. Qxh7 Qxd1+ 40. Kg2 Rd7 41. Qh6 Qg4 42. h3 Qf3+ 43. Kxf3 d1Q+ 44. Kg2 Qd5+ 45. Kh2 Re7 46. Qf4+ Ke6 47. Qg4+ Qf5 48. Qe2+ Kd7 49. Rxe7+ Nxe7 0-1

[Event "Rheinland Pfalz op 8th"]
[Site "Reil an der Mosel"]
[Date "2016.05.27"]
[Round "4"]
[White "Hartmann, Christian"]
[Black "Spadea, Fabrizio"]
[Result "0-1"]
[WhiteElo "1391"]
[BlackElo "1760"]
[PlyCount "56"]
[EventDate "2016.05.26"]
[EventType "swiss"]
[EventRounds "7"]
[EventCountry "GER"]
[SourceTitle "EXT 2018"]
[Source "ChessBase"]
[SourceDate "2017.10.13"]
[SourceVersion "1"]
[SourceVersionDate "2017.10.13"]
[SourceQuality "1"]

1. e4 d6 2. Nf3 Nf6 3. Nc3 g6 4. h3 Bg7 5. d4 c6 6. Bc4 b5 7. Bd3 b4 8. Ne2 0-0 9. 0-0 Ba6 10. a3 Bxd3 11. Qxd3 bxa3 12. Rxa3 Nbd7 13. Be3 Qc7 14. Rfa1 Rfb8 15. R1a2 Rb7 16. Nc3 Rab8 17. b3 Nb6 18. d5 cxd5 19. Nxd5 Nfxd5 20. exd5 e6 21. dxe6 fxe6 22. Nd4 Qd7 23. Nb5 Nd5 24. c4 Nb4 25. Qxd6 Nxa2 26. Qxd7 Rxd7 27. Rxa2 Be5 28. Rxa7 Rd1# 0-1

[Event "Rheinland Pfalz op 6th"]
[Site "Gau Algesheim"]
[Date "2014.06.21"]
[Round "6"]
[White "Spadea, Fabrizio"]
[Black "Matsievski, Arsenij"]
[Result "1-0"]
[WhiteElo "1191"]
[BlackElo "888"]
[PlyCount "47"]
[EventDate "2014.06.19"]
[EventType "swiss"]
[EventRounds "7"]
[EventCountry "GER"]
[SourceTitle "CBM 161 Extra"]
[Source "ChessBase"]
[SourceDate "2014.08.29"]
[SourceVersion "1"]
[SourceVersionDate "2014.08.29"]
[SourceQuality "1"]

1. e4 e5 2. Nf3 Nc6 3. Bc4 Bc5 4. d3 Nf6 5. c3 d6 6. a4 0-0 7. b4 Bxb4 8. cxb4 Nxb4 9. Qb3 c5 10. 0-0 Bg4 11. Nbd2 d5 12. exd5 Nbxd5 13. Nxe5 Qd6 14. Bb2 Be6 15. f4 Ne3 16. Rf3 Bg4 17. Rxe3 h6 18. Rg3 Bf5 19. Bxf7+ Kh7 20. Nec4 Qc7 21. Ne3 Rad8 22. Nxf5 g6 23. Rxg6 Nh5 24. Rxh6# 1-0

[Event "Saarland-ch B 89th"]
[Site "Stennweiler"]
[Date "2014.04.16"]
[Round "6"]
[White "Spadea, Fabrizio"]
[Black "Kraemer, Elmar"]
[Result "1-0"]
[WhiteElo "1027"]
[BlackElo "1132"]
[PlyCount "59"]
[EventDate "2014.04.11"]
[EventType "swiss"]
[EventRounds "9"]
[EventCountry "GER"]
[SourceTitle "EXT 2016"]
[Source "ChessBase"]
[SourceDate "2015.10.08"]
[SourceVersion "1"]
[SourceVersionDate "2015.10.08"]
[SourceQuality "1"]

1. e4 Nc6 2. d4 d6 3. Bc4 Nf6 4. Nc3 e6 5. Nf3 Be7 6. 0-0 b6 7. a3 a6 8. h3 b5 9. Bd3 e5 10. dxe5 dxe5 11. Bg5 h6 12. Bh4 Nh5 13. Bxe7 Qxe7 14. Nd5 Qd7 15. c3 g6 16. g4 Rg8 17. Be2 Ne7 18. Nxe5 Qd6 19. Nf3 Nxd5 20. Qxd5 Qxd5 21. exd5 Nf4 22. Kh2 Nxd5 23. c4 bxc4 24. Bxc4 Ne7 25. Ne5 Rg7 26. Rfe1 f6 27. Nd3 c6 28. Nc5 Ra7 29. Be6 Bxe6 30. Nxe6 1-0

[Event "Saarland-ch B 89th"]
[Site "Stennweiler"]
[Date "2014.04.14"]
[Round "4"]
[White "Spadea, Fabrizio"]
[Black "Ewerhardy, Moritz"]
[Result "1/2-1/2"]
[WhiteElo "1027"]
[BlackElo "1244"]
[PlyCount "131"]
[EventDate "2014.04.11"]
[EventType "swiss"]
[EventRounds "9"]
[EventCountry "GER"]
[SourceTitle "EXT 2016"]
[Source "ChessBase"]
[SourceDate "2015.10.08"]
[SourceVersion "1"]
[SourceVersionDate "2015.10.08"]
[SourceQuality "1"]

1. e4 c5 2. Nf3 d6 3. d4 cxd4 4. Nxd4 Nf6 5. Nc3 g6 6. Bd3 Bg7 7. 0-0 0-0 8. Nf3 Nc6 9. a3 Bg4 10. Be2 Rc8 11. Bd2 Qb6 12. Rb1 Rfe8 13. h3 Be6 14. Be3 Qc7 15. Bb5 a6 16. Bxc6 Qxc6 17. Nd4 Qd7 18. Nxe6 Qxe6 19. f3 Red8 20. Bb6 Rd7 21. Re1 d5 22. Bf2 dxe4 23. Qe2 exf3 24. Qxf3 Qc6 25. Qe2 Nh5 26. Qg4 e6 27. Na4 Rd2 28. c3 b5 29. Nb6 Rb8 30. Qg5 Rdd8 31. Rbd1 Bf6 32. Qe3 e5 33. Qc5 Qxc5 34. Bxc5 Rxd1 35. Rxd1 Rb7 36. Nd5 Bg7 37. Nb4 Bf6 38. Nxa6 Be7 39. Be3 f5 40. Rd5 e4 41. g4 fxg4 42. hxg4 Nf6 43. Rd4 Nxg4 44. Rxe4 Nxe3 45. Rxe3 Rd7 46. Re2 h5 47. Kg2 g5 48. Nb4 Bxb4 49. axb4 Rf7 50. Re5 Rg7 51. Rxb5 h4 52. Rb8+ Kh7 53. b5 g4 54. b6 Re7 55. b7 Re2+ 56. Kg1 Rxb2 57. Rc8 Rxb7 58. Rc4 Rb1+ 59. Kg2 Rb2+ 60. Kg1 Rb1+ 61. Kg2 h3+ 62. Kh2 Rb2+ 63. Kh1 Rb1+ 64. Kh2 Rb2+ 65. Kh1 Rb1+ 66. Kh2 1/2-1/2